000 00595nam a2200229Ia 4500
003 LK-CoDNM
005 20231204152435.0
008 010623t xxu||||| |||| 00| 1 eng d
040 _aLK-CoDNM
_dLK-CoDNM
_eLK-CoDNM
041 _aeng
080 _a50
_bF15
100 _aNathaniel,Alfred.M.
245 _aA Catechism of modern History-Twentieth Century
300 _b113p., 21 cm
650 _aBritain her Neighbours-Book VII
650 _aBritish Empire
650 _aGerman Empire
650 _aHapsbura Empire
650 _aPanama Canal
650 _aSpanish Empire
942 _cBK
999 _c133385
_d133385